logo

Bir Sreshtho Munshi Abdur Rouf Library
Jhenaidah Cadet College

Structured C/C++ Programming / (Record no. 11494)

MARC details
000 -LEADER
fixed length control field 00894nam a2200253 a 4500
001 - CONTROL NUMBER
JCCL Control Number 11494
003 - CONTROL NUMBER IDENTIFIER
JCCL marc code BD-JhCC
005 - DATE AND TIME OF LATEST TRANSACTION
control field 20200228134007.0
008 - FIXED-LENGTH DATA ELEMENTS--GENERAL INFORMATION
fixed length control field 190628b20182019bg |||| ||a| 000 0 Mul d
020 ## - INTERNATIONAL STANDARD BOOK NUMBER
International Standard Book Number 9789843461919
035 ## - SYSTEM CONTROL NUMBER
system control number (BD-JhCC)11494
040 ## - CATALOGING SOURCE
Original cataloging agency BD-JhCC
Modifying agency BD-JhCC
041 ## - LANGUAGE CODE
Language code of Book Mul
082 ## - DEWEY DECIMAL CLASSIFICATION NUMBER
Author mark and Year NEW 2019
Classification number 005.133
100 ## - MAIN ENTRY--PERSONAL NAME
Personal name নিউটন, মু. আ. হাকিম
245 ## - TITLE STATEMENT
Title Structured C/C++ Programming /
Statement of responsibility, etc মু. আ. হাকিম নিউটন, মোহাম্মদ কায়কোবাদ ।
260 ## - PUBLICATION, DISTRIBUTION, ETC. (IMPRINT)
Place of publication, distribution, etc ঢাকা:
Name of publisher, distributor, etc ভয়েজার পাবলিকেশন্স;
Date of publication, distribution, etc ২০১৯.
300 ## - PHYSICAL DESCRIPTION
Pagination ৫৮০ পৃ. :
Dimensions ২৬ সেমি.
650 ## - SUBJECT ADDED ENTRY--TOPICAL TERM
Topical term or geographic name as entry element Computer Program Language
650 ## - SUBJECT ADDED ENTRY--TOPICAL TERM
Topical term or geographic name as entry element Programming House
700 ## - ADDED ENTRY--PERSONAL NAME
Personal name কায়কোবাদ, মোহাম্মদ
942 ## - ADDED ENTRY ELEMENTS (KOHA)
Source of classification or shelving scheme Dewey Decimal Classification
Koha item type Books
Koha issues (borrowed), all copies 4
Holdings
Source of classification or shelving scheme Damaged status Not for loan Home library Current library Shelving location Date of accession Cost, normal purchase price Total Checkouts Full call number Barcode Date last seen Date checked out Copy number Koha item type
Dewey Decimal Classification     JCC Rouf Library JCC Rouf Library General Stacks 06/28/2019 400.00 2 005.133 NEW 2019 15683 03/16/2021 02/27/2020 C-1 Books
Dewey Decimal Classification     JCC Rouf Library JCC Rouf Library General Stacks 03/08/2021 300.00 1 005.133 NEW 2019 16495 09/13/2023 09/04/2023 C-2 Books

JCC Library | Contacts | JCC Home

Last Update on 23 September 2017
Copyright @ 2017-2020 JCC Rouf Library
Rouf Library, Jhenidah Cadet College (JCC), Bangladesh